| 000 | 00682nam a2200253 i 4500 | ||
|---|---|---|---|
| 001 | C2-0086193 | ||
| 003 | PPAK | ||
| 005 | 20180727090856.0 | ||
| 008 | 970430s1990 enk |||| ||||| | eng d | ||
| 020 | _a0749309385 | ||
| 040 |
_aPPAK _beng _cPPAK _erda |
||
| 082 | 0 | 4 |
_a616.85 _223 |
| 090 | 0 | 0 |
_a616.85 _bBAS _dG |
| 100 | 1 |
_aBass, Ellen, _eauthor |
|
| 245 | 1 | 4 |
_aThe courage to heal : _ba guide for women survivors of child sexual abuse |
| 264 | 1 |
_aLondon : _bCedar , _c1990 |
|
| 300 |
_a495 pages ; _c21 cm |
||
| 336 |
_2rdacontent _atext |
||
| 337 |
_2rdamedia _aunmediated |
||
| 338 |
_2rdacarrier _avolume |
||
| 650 | 1 | 0 | _aSex crimes |
| 700 | _eauthor | ||
| 942 |
_ddc _cB |
||
| 999 |
_c17541 _d17541 |
||